[Event "Geneve"]
[Site "Geneve"]
[Date "1993.??.??"]
[Round "7"]
[White "Gerber, Richard"]
[Black "Razuvaev, Yuri S"]
[Result "0-1"]
[WhiteElo "2320"]
[BlackElo "2560"]

1.d4 Nf6 2.Bg5 Ne4 3.Bh4 c6 4.f3 Qa5+ 5.Nd2 Qh5 6.fxe4 Qxh4+ 7.g3 Qh6 8.Ngf3 d6
9.Bg2 e5 10.c3 Be7 11.Qb3 Nd7 12.O-O O-O 13.Nc4 Nf6 14.Rae1 exd4 15.Nxd4 d5
16.exd5 cxd5 17.Na3 Ng4 18.h4 Qe3+ 19.Kh1 Qxg3  0-1

[Event "Verbandsliga Nord Baden"]
[Site "Germany"]
[Date "1993.??.??"]
[Round "?"]
[White "Villing, Dieter"]
[Black "Jacob, Volker"]
[Result "1-0"]
[WhiteElo "2280"]
[BlackElo "2240"]

1.d4 Nf6 2.Bg5 Ne4 3.h4 c5 4.dxc5 Qa5+ 5.Nd2 e6 6.e3 Bxc5 7.Bd3 Nxd2 8.Qxd2 Qxd2+
9.Kxd2 f6 10.Bf4 e5 11.Bg3 d5 12.Rd1 Be6 13.Ne2 Nc6 14.Nc1 O-O-O 15.Nb3 Bb6
16.c3 a6 17.Kc1 f5 18.h5 Rhf8 19.Kb1 Kb8 20.Nd4 Bxd4 21.cxd4 f4 22.exf4 exf4
23.Bh4 Rd7 24.Bxh7 Bg4 25.Rd2 Bxh5 26.Bc2 Bg4 27.Bg5 f3 28.g3 Bf5 29.Bxf5 Rxf5
30.Be3 Re7 31.Rd3 Re4 32.a3 a5 33.b3 Ka7 34.Rh7 g6 35.Kc2 Ka6 36.Kc3 g5 37.Rh5 Rg4
38.Rd2 Ne7 39.Kd3 Ng8 40.Rc2 Re4 41.Kd2 Nf6 42.Rxg5 Rxg5 43.Bxg5 Ng4 44.Be3 b6
45.Kd3 Nxe3 46.fxe3 Rg4 47.Rf2 Rxg3 48.e4 a4 49.bxa4 Rg2 50.Rxf3 Ra2 51.exd5 Rxa3+
52.Ke4 Rxa4 53.d6 Kb7 54.Kd5 Ra5+ 55.Ke6 Ra1 56.d7  1-0

[Event "Bundesliga 9293"]
[Site "Germany"]
[Date "1993.??.??"]
[Round "?"]
[White "Teske, Henrik"]
[Black "Wegener, Dirk"]
[Result "1-0"]
[WhiteElo "2480"]
[BlackElo "2305"]

1.d4 Nf6 2.Bg5 Ne4 3.Be3 d5 4.Nd2 g6 5.g3 Nd7 6.Nxe4 dxe4 7.Bg2 f5 8.h4 Nf6
9.Nh3 Bg7 10.c3 Be6 11.Nf4 Bf7 12.f3 exf3 13.Bxf3 c6 14.Qc2 Nd5 15.Bd2 Qd7
16.Nd3 Qc7 17.O-O-O O-O-O 18.g4 fxg4 19.Bxg4+ Kb8 20.e4 h5 21.Bh3 Nb6 22.Rdf1 Bc4
23.Rhg1 Bh6 24.Bxh6 Rxh6 25.Rf2 Bxd3 26.Qxd3 e5 27.Qe3 Rh7 28.Rxg6 exd4 29.cxd4 Rf7
30.Bf5 Nc4 31.Qe2 Qa5 32.Be6 Rxf2 33.Qxf2 Qxa2 34.Qg3+ Ka8 35.Qa3 Qxa3 36.bxa3 b5
37.d5 cxd5 38.Bxd5+ Kb8 39.Rg5 Nxa3 40.Rxh5 Nc4 41.Rh7 Nd6 42.h5 Ne8 43.h6  1-0

[Event "Hessen-Baden"]
[Site "Germany"]
[Date "1993.??.??"]
[Round "?"]
[White "Gerstner, Wolfgang"]
[Black "Majer, Damir"]
[Result "1-0"]
[WhiteElo "2360"]
[BlackElo "2225"]

1.d4 Nf6 2.Bg5 Ne4 3.Bf4 g6 4.f3 Nf6 5.e4 Bg7 6.Nc3 O-O 7.Qd2 c5 8.d5 d6
9.Bh6 Nbd7 10.h4 b5 11.Bxb5 Rb8 12.Bxd7 Bxd7 13.b3 a5 14.h5 a4 15.Nge2 Qa5
16.Bxg7 Kxg7 17.hxg6 fxg6 18.Nxa4 Qxd2+ 19.Kxd2 Bxa4 20.bxa4 Rb4 21.Rhb1 Rxa4
22.Rb7 Kf7 23.Nc3 Rd4+ 24.Ke3 Rd8 25.a4 Rc4 26.Nb5 Ne8 27.c3 Ra8  1-0

[Event "BL2-N9293"]
[Site "Germany"]
[Date "1993.??.??"]
[Round "?"]
[White "Federau, Juergen"]
[Black "Darnstaedt, Frank"]
[Result "1/2-1/2"]
[WhiteElo "2285"]
[BlackElo "2315"]

1.d4 Nf6 2.Bg5 Ne4 3.Bf4 c5 4.d5 e6 5.f3 Nf6 6.e4 d6 7.Bb5+ Bd7 8.Bxd7+ Qxd7
9.Ne2 Be7 10.O-O O-O 11.c4 Ne8 12.Nbc3 e5 13.Be3 g6 14.a3 Na6 15.Rb1 Ng7
16.Qd2 Rac8 17.Rfc1 b6 18.Nb5 Ra8 19.b4 Rfb8 20.Qd3 Rb7 21.Rb2 Rab8 22.Rcb1 Ne8
23.Rb3 Qc8 24.R1b2 Ra8 25.Ng3 Bf8 26.Nf1 Nf6 27.Ng3 Rab8 28.Nc3 Nd7 29.b5 Nc7
30.a4 Ne8 31.Ra3 Ra8 32.Rba2 Rbb8 33.a5 Nc7 34.axb6 axb6 35.Qb1 Rxa3 36.Rxa3 Ra8
37.Qa2 Rxa3 38.Qxa3 Qa8 39.Qxa8 Nxa8 40.Na4 Nc7 41.Kf2 Be7 42.Ne2 Bd8 43.g3 Ne8
44.Nc1 f6 45.Nd3 Kg7 46.Bc1 Kf7 47.f4 Ng7 48.Bb2 Bc7 49.g4 exf4 50.Nxf4 Ne5
51.Bxe5 fxe5 52.Ne2 Bd8 53.Kf3 Ne8 54.Ng3 Nf6 55.Nf1 Nd7 56.Ne3 Bg5 57.Ng2 Bd8
58.Ne1 Bh4 59.Nd3 Kg7 60.Kg2 Kf7 61.Kh3 Bd8 62.Kg3 Kg7 63.Nf2 Kf7 64.h4 Nf6
65.Kf3 Nd7 66.g5  1/2-1/2

[Event "Groningen op"]
[Site "Groningen"]
[Date "1993.??.??"]
[Round "1"]
[White "Tondivar, Babak"]
[Black "Avrukh, Boris"]
[Result "1/2-1/2"]
[WhiteElo "2290"]
[BlackElo "2440"]

1.d4 Nf6 2.Bg5 Ne4 3.Bf4 c5 4.d5 Qa5+ 5.c3 Qb6 6.Nd2 Nxd2 7.Qxd2 g6 8.h4 d6
9.h5 gxh5 10.Rxh5 Nd7 11.f3 Nf6 12.Rh4 e6 13.c4 Bd7 14.e4 O-O-O 15.O-O-O exd5
16.Bg5 Be7 17.exd5 Rhg8 18.Bxf6 Bxf6 19.Rxh7 Qa6 20.a3 Bd4 21.Ne2 Qxc4+ 22.Nc3 Qb3
23.Rxf7 Be8 24.Re7 Bg6 25.g4 Rgf8 26.Bd3 Rxf3 27.Bxg6 Bxc3 28.Qc2 Be5 29.Kb1 Qb6
30.Rd3 Rxd3 31.Bxd3 Rh8 32.Rh7 Rxh7 33.Bxh7 Kb8 34.Bd3 c4 35.Bxc4 Qg1+ 36.Ka2  1/2-1/2

[Event "Hamburg-ch"]
[Site "Hamburg"]
[Date "1993.??.??"]
[Round "?"]
[White "Reddmann, Hauke"]
[Black "Joecks, Christian"]
[Result "1/2-1/2"]
[WhiteElo "2290"]
[BlackElo "2375"]

1.d4 Nf6 2.Bg5 Ne4 3.Bf4 d6 4.f3 Nf6 5.e4 g6 6.Nc3 c6 7.Bc4 Bg7 8.Qd2 O-O
9.Bb3 b5 10.Bh6 Nbd7  1/2-1/2

[Event "Havana op"]
[Site "Havana"]
[Date "1993.??.??"]
[Round "?"]
[White "Rivera, Alberto"]
[Black "Charon, Manuel"]
[Result "1-0"]
[WhiteElo "2395"]
[BlackElo "2300"]

1.d4 Nf6 2.Bg5 Ne4 3.Bf4 c5 4.d5 d6 5.f3 Nf6 6.e4 g6 7.Bb5+ Nbd7 8.a4 Bg7
9.c3 O-O 10.Nh3 Ne8 11.Nf2 a6 12.Be2 Rb8 13.Na3 Ne5 14.Be3 f5 15.f4 Nf7 16.exf5 gxf5
17.O-O Nf6 18.Nc4 e6 19.dxe6 Bxe6 20.a5 Nd5 21.Bc1 Qc7 22.Qc2 Nf6 23.Ne3 Qd7
24.Bd3 Nh6 25.Nh3 d5 26.Ng5 Ne4 27.Nxe6 Qxe6 28.c4 Bd4 29.cxd5 Qg6 30.Bxe4 fxe4
31.Kh1 Nf5 32.Ra3 Kh8 33.Qe2 Rg8 34.b4 h6 35.Nxf5 Qxf5 36.bxc5 Bxc5 37.Rh3 Rg6
38.Rh5 Qg4 39.Rxh6+ Kg8 40.Rxg6+ Qxg6 41.f5  1-0

[Event "Heraklio op"]
[Site "Heraklio"]
[Date "1993.??.??"]
[Round "5"]
[White "Miladinovic, Igor"]
[Black "Cramling, Pia"]
[Result "1/2-1/2"]
[WhiteElo "2450"]
[BlackElo "2525"]

1.d4 Nf6 2.Bg5 Ne4 3.h4 d5 4.Nd2 Nxg5 5.hxg5 c5 6.dxc5 e5 7.e4 Nc6 8.Ngf3 Bxc5
9.g6 fxg6 10.exd5 Qxd5 11.Bc4 Qd8 12.Ne4 Qxd1+ 13.Rxd1 Be7 14.Nfg5 Bxg5 15.Nxg5 h6
16.Bf7+ Ke7 17.Bxg6 Bg4 18.f3 hxg5 19.Rxh8 Rxh8 20.fxg4 Rh4 21.Bf5 Nd4 22.Bc8  1/2-1/2

[Event "Heraklio op"]
[Site "Heraklio"]
[Date "1993.??.??"]
[Round "6"]
[White "Kosic, Dragan"]
[Black "Arnason, Jon L"]
[Result "1/2-1/2"]
[WhiteElo "2495"]
[BlackElo "2530"]

1.d4 Nf6 2.Bg5 Ne4 3.h4 d5 4.Nd2 Qd6 5.Nxe4 dxe4 6.Qd2 Nc6 7.O-O-O Bf5 8.e3 O-O-O
9.Bc4 Qg6 10.Ne2 h6 11.Bf4 e5 12.h5 Qg4 13.Bg3 exd4 14.exd4 Bd6 15.f3 exf3
16.gxf3 Qg5 17.Qxg5 hxg5 18.Bxd6 Rxd6 19.Bxf7 g4 20.d5 gxf3 21.dxc6 fxe2
22.cxb7+ Kb8 23.Rxd6 cxd6 24.Kd2 Bg4 25.Rg1 Bxh5 26.Bxh5 Rxh5 27.Rxg7 Re5
28.Ke1 Re6 29.Rd7 a6 30.c3 Ka7 31.a4 Kb8 32.a5 Ka7 33.b4 d5 34.Rxd5 Kxb7
35.Rd4 Re3 36.Rc4 Re5 37.Rd4 Re3 38.c4 Rb3 39.c5 Rb2 40.Re4 Kc7 41.Re7+ Kc8
42.Re4 Kc7 43.Rd4 Kc8 44.Kf2 Kc7 45.Rh4 Kc8  1/2-1/2

[Event "HUN-chT"]
[Site "HUN"]
[Date "1993.??.??"]
[Round "?"]
[White "Brandics, Jozsef"]
[Black "Somogyi, Istvan"]
[Result "1/2-1/2"]
[WhiteElo "2385"]
[BlackElo "2300"]

1.d4 Nf6 2.Bg5 Ne4 3.Bf4 d5 4.Nd2 Bf5 5.Ngf3 e6 6.e3 Bd6 7.Bxd6 Qxd6 8.c4 c5
9.cxd5 exd5 10.dxc5 Nxc5 11.Bb5+ Nbd7 12.O-O O-O 13.Nc4 Qe6 14.Nd4 Qf6 15.Nxf5 Qxf5
16.Na5 Nf6 17.Rc1 b6 18.Nc6 Qe6 19.b4 Nce4 20.Ba6 Qd7 21.Qd3 Qd6 22.f3 Nc5
23.bxc5 Qxc6 24.cxb6 Qxb6  1/2-1/2

[Event "HUN-chT"]
[Site "HUN"]
[Date "1993.??.??"]
[Round "?"]
[White "Meszaros, Gyorgy"]
[Black "Balazs, Attila"]
[Result "0-1"]
[WhiteElo "2260"]
[BlackElo "2240"]

1.d4 Nf6 2.Bg5 Ne4 3.Bh4 c5 4.f3 Qa5+ 5.c3 Nf6 6.Bxf6 gxf6 7.d5 d6 8.e4 Bh6
9.Nd2 Nd7 10.g3 Qc7 11.f4 f5 12.Qh5 Bf8 13.Bb5 a6 14.Bxd7+ Qxd7 15.Nc4 fxe4
16.Nb6 Qb5 17.Nxa8 Qxb2 18.Rd1 Qg2 19.Rd2 Qxh1 20.Kf1 Bg7 21.Nb6 O-O 22.Rg2 Kh8
23.Nxc8 Rxc8 24.Qh3 Rb8 25.g4 b5 26.g5 b4 27.c4 Bd4 28.f5 Rf8 29.Ke2 Bxg1
30.g6 fxg6  0-1

[Event "HUN-chT2"]
[Site "HUN"]
[Date "1993.??.??"]
[Round "?"]
[White "Puschmann, Laszlo"]
[Black "Csicsay, Imre"]
[Result "0-1"]
[WhiteElo "2350"]
[BlackElo "2270"]

1.d4 Nf6 2.Bg5 Ne4 3.Bf4 c5 4.f3 Qa5+ 5.c3 Nf6 6.d5 d6 7.e4 g6 8.Qd2 Nbd7
9.Na3 Bg7 10.Nc4 Qc7 11.a4 a6 12.Be2 Rb8 13.Na3 Ne5 14.c4 Bd7 15.Bxe5 dxe5
16.b3 O-O 17.Bd3 Ne8 18.Ne2 Nd6 19.Nc3 b6 20.O-O f5 21.Rab1 f4 22.Qf2 Rf6
23.b4 Nb7 24.Bc2 Rbf8 25.Rb2 Rd6 26.Rfb1 cxb4 27.Rxb4 Nc5 28.Ne2 g5 29.Nc1 g4
30.fxg4 f3 31.g3 Bxg4 32.a5 bxa5 33.R4b3 Bh6 34.h3 Nxb3 35.hxg4 Nxc1  0-1

[Event "HUN-chT"]
[Site "HUN"]
[Date "1993.??.??"]
[Round "?"]
[White "Meszaros, Gyorgy"]
[Black "Gemesi, Andras"]
[Result "1-0"]
[WhiteElo "2260"]
[BlackElo "2235"]

1.d4 Nf6 2.Bg5 Ne4 3.Bh4 d5 4.f3 Nf6 5.e4 dxe4 6.Nc3 exf3 7.Nxf3 Bf5 8.Bc4 e6
9.O-O Be7 10.d5 O-O 11.dxe6 Bxe6 12.Bxe6 fxe6 13.Qe2 Qd6 14.Rad1 Qb6+ 15.Kh1 Na6
16.Ng5 Nc5 17.Bf2 Rae8 18.Rde1 Nd5 19.Nxd5 exd5 20.Bxc5 Qxc5 21.Qe6+  1-0

[Event "Huy op"]
[Site "Huy"]
[Date "1993.??.??"]
[Round "4"]
[White "Van Houtte, Thierry"]
[Black "Chuchelov, Vladimir"]
[Result "0-1"]
[WhiteElo "2220"]
[BlackElo "2510"]

1.d4 Nf6 2.Bg5 Ne4 3.Bf4 c5 4.f3 Qa5+ 5.c3 Nf6 6.Nd2 cxd4 7.Nb3 Qd8 8.cxd4 g6
9.e4 Bg7 10.Rc1 O-O 11.Ne2 d6 12.Nc3 Nc6 13.Be2 e5 14.Be3 exd4 15.Nxd4 d5
16.exd5 Nb4 17.Qd2 Nfxd5 18.Bf2 Nxc3 19.bxc3 Nd5 20.O-O Qf6 21.Rfe1 b6 22.Bc4 Bb7
23.Bxd5 Bxd5 24.Nb3 Rfd8 25.Bd4 Qh4 26.Bxg7 Kxg7 27.Qe3 Rac8 28.Red1 Qf6
29.Rd2 Re8 30.Qd4 Qxd4+ 31.Nxd4 Bc4 32.Kf2 Rc5 33.Rcc2 Rec8 34.Nb3 Bxb3 35.axb3 Rxc3
36.Ra2 a5 37.Rdb2 Re8 38.Ra4 Rd8 39.Raa2 Rd4 40.Ra1 Rb4 41.Ra3 f5 42.Ke2 f4
43.Kf2 g5  0-1

[Event "ITA-chT"]
[Site "ITA"]
[Date "1993.??.??"]
[Round "1"]
[White "Bianco, Valerio"]
[Black "Evangelisti, Claudio"]
[Result "1-0"]
[WhiteElo "2235"]
[BlackElo "2265"]

1.d4 Nf6 2.Bg5 Ne4 3.h4 c5 4.d5 g6 5.Qd3 Qa5+ 6.Nd2 Nxg5 7.hxg5 Bg7 8.c3 d6
9.e4 Qa4 10.f4 Nd7 11.Ngf3 Nb6 12.Be2 Bd7 13.Bd1 Qa6 14.Qxa6 bxa6 15.Be2 a5
16.Rb1 Rb8 17.Kd1 a4  1-0

[Event "Jakarta Interzonal (Women)"]
[Site "Jakarta"]
[Date "1993.??.??"]
[Round "?"]
[White "Semenova, Lidia K"]
[Black "Amura, Claudia Noemi"]
[Result "1/2-1/2"]
[WhiteElo "2285"]
[BlackElo "2365"]

1.d4 Nf6 2.Bg5 Ne4 3.Bf4 d5 4.e3 Bf5 5.Bd3 e6 6.c3 Be7 7.Ne2 Bg6 8.O-O Nd7
9.h3 O-O 10.Bh2 Nd6 11.Bxg6 hxg6 12.Nd2 c5 13.Bxd6 Bxd6 14.e4 cxd4 15.Nxd4 Nf6
16.Qe2 dxe4 17.Nxe4 Nxe4 18.Qxe4 Qb6 19.b3 Be7 20.Rfd1 Rad8 21.a4 a5 22.Nb5 Bc5
23.Qf4 Rxd1+ 24.Rxd1 Rd8 25.Rxd8+ Qxd8 26.Nd4 Qd5 27.Qf3 Bxd4 28.Qxd5 exd5
29.cxd4 g5 30.f3 Kh7 31.Kf2 Kg6 32.Ke3 f5 33.g3 Kf6 34.Kf2 f4 35.g4  1/2-1/2

[Event "Jyvaskyla op"]
[Site "Jyvaskyla"]
[Date "1993.??.??"]
[Round "3"]
[White "Puranen, Jukka"]
[Black "Shneider, Aleksandr"]
[Result "0-1"]
[WhiteElo "2335"]
[BlackElo "2560"]

1.d4 Nf6 2.Bg5 Ne4 3.Bf4 c5 4.f3 Qa5+ 5.c3 Nf6 6.dxc5 Qxc5 7.e4 d6 8.Qd2 g6
9.Na3 a6 10.Nc2 Bg7 11.O-O-O O-O 12.Kb1 Qa5 13.c4 Nc6 14.Qxa5 Nxa5 15.Bd2 Nc6
16.Bc3 Be6 17.Ne3 Nd7 18.Bxg7 Kxg7 19.Ne2 b5 20.Nf4 Bxc4 21.Nxc4 bxc4 22.Bxc4 Nce5
23.Be2 Nc5 24.g4 Rab8 25.Rd2 a5 26.Rc1 g5 27.Nd5 e6 28.Ne3 Rfd8 29.h4 h6
30.h5 Kf6 31.Rc3 Ke7 32.Ra3 a4 33.Rc3 Rb4 34.Nc2 Rb6 35.Ne3 Rdb8 36.Kc1 Rb4
37.Kb1 R8b6 38.Kc1 Rc6 39.Nc2 Rb7 40.Kb1 Nxe4  0-1

[Event "Katowice op"]
[Site "Katowice"]
[Date "1993.??.??"]
[Round "2"]
[White "Obsivac, Josef"]
[Black "Urban, Klaudiusz"]
[Result "1-0"]
[WhiteElo "2300"]
[BlackElo "2450"]

1.d4 Nf6 2.Bg5 Ne4 3.Bh4 c6 4.Nd2 d5 5.f3 Nxd2 6.Qxd2 Bf5 7.O-O-O Qb6 8.e4 Bg6
9.Ne2 e6 10.Nf4 Bd6 11.Bg3 Bxf4 12.Qxf4 O-O 13.h4 h5 14.Bf2 Nd7 15.g4 dxe4
16.fxe4 Nf6 17.gxh5 Nxh5 18.Qe3 e5 19.Be2 Nf4 20.h5 Bh7 21.Bc4 Ne6 22.Rhg1 exd4
23.Qh6 Kh8 24.Rxg7 Nxg7 25.Bxd4 Qxd4 26.Rxd4 Rae8 27.Qf6  1-0

[Event "Katowice op"]
[Site "Katowice"]
[Date "1993.??.??"]
[Round "4"]
[White "Obsivac, Josef"]
[Black "Ciemniak, Robert"]
[Result "1/2-1/2"]
[WhiteElo "2300"]
[BlackElo "2440"]

1.d4 Nf6 2.Bg5 Ne4 3.Bh4 c5 4.f3 g5 5.fxe4 gxh4 6.e3 Bh6 7.Kf2 Qb6 8.Nc3 cxd4
9.exd4 Bg7 10.Nf3 Nc6 11.Nd5 Qd8 12.c3 O-O 13.Bc4 d6 14.Rf1 Kh8 15.Kg1 Bh6
16.Qd3 f5 17.exf5 Bxf5 18.Qe2 h3 19.g3 Qd7 20.Nh4 Bg4 21.Qe4 Bg5 22.Ne3 d5
23.Nxd5 Bxh4 24.gxh4 Bf5 25.Qe3 Qd6 26.Nf4 e5 27.Nh5 exd4 28.cxd4 Rae8 29.Qf4 Qb4
30.Qh6 Rg8+ 31.Ng3 Qxc4 32.Qf6+ Rg7 33.Rxf5 Qxd4+ 34.Qxd4 Nxd4 35.Rf2 Ne2+
36.Kh1 Nxg3+ 37.hxg3 Rxg3 38.Rc1 Reg8 39.Kh2 Rg2+ 40.Rxg2 Rxg2+ 41.Kxh3 Rxb2
42.Rc7 a5 43.h5 h6 44.Kg4 Rb5 45.a4 Rg5+ 46.Kh4 Rd5 47.Rxb7 Rd4+ 48.Kg3 Rxa4
49.Rb6 Kg7 50.Rg6+ Kh7 51.Ra6 Ra1 52.Kf4 a4 53.Kf5 Rf1+ 54.Ke6  1/2-1/2

[Event "Kladovo zt"]
[Site "Kladovo"]
[Date "1993.??.??"]
[Round "4"]
[White "Kosic, Dragan"]
[Black "Markovic, Miroslav"]
[Result "1-0"]
[WhiteElo "2455"]
[BlackElo "2505"]

1.d4 Nf6 2.Bg5 Ne4 3.h4 c6 4.Nd2 Nxg5 5.hxg5 Qb6 6.e3 Qxb2 7.g6 fxg6 8.Bd3 d5
9.Bxg6+ Kd8 10.Ngf3 Bg4 11.Rb1 Qc3 12.Rxb7 Nd7 13.Qb1 Bxf3 14.gxf3 e5 15.Rxd7+ Kxd7
16.Qb7+ Ke6 17.Rh5 hxg6 18.Rxe5+ Kf6 19.Qd7  1-0

[Event "Komotini GP"]
[Site "Komotini"]
[Date "1993.??.??"]
[Round "7"]
[White "Nikolaidis, Ioannis"]
[Black "Pigusov, Evgeny"]
[Result "1/2-1/2"]
[WhiteElo "2440"]
[BlackElo "2585"]

1.d4 Nf6 2.Bg5 Ne4 3.Bf4 d5 4.Nd2 Bf5 5.e3 e6 6.Ngf3 Be7 7.Nxe4 Bxe4 8.Bd3 Bxd3
9.Qxd3 O-O 10.Qb3 Qc8 11.c4 c6 12.O-O Nd7 13.Rac1 h6 14.h3 Nf6 15.Qc2 Rd8
16.Rfd1 Ne4 17.Ne5 Bd6 18.Nd3 Bxf4 19.Nxf4 Qd7 20.Nd3 Qe7 21.b4 dxc4 22.Qxc4 a5
23.a3 axb4 24.axb4 Ra3 25.Nc5 Nd6 26.Qf1 Rda8 27.Ra1 Qd8 28.Rdb1 Qb6 29.Qc1 Ra2
30.Rxa2 Rxa2 31.Ra1 Qa7 32.Rxa2 Qxa2 33.e4 Nb5 34.Qf4 Qa1+ 35.Kh2 Qxd4 36.Nxb7 Nc3
37.Na5 Ne2 38.Qe3 Qd1 39.f4 Nd4 40.Nc4 Qa1 41.Qd2 Qa7 42.Nd6 c5 43.b5 Qd7
44.e5 Nxb5 45.Qd3 Nxd6 46.exd6 c4 47.Qxc4 Qxd6 48.Kh1 Qd5 49.Qc8+ Kh7 50.Qc2+ f5
51.Qc7 Kg6 52.Qe7 Qc4 53.Qd6 Qc8 54.Kh2 Kf7 55.Qe5 g5 56.fxg5 hxg5 57.Qd6 Qe8
58.Qe5 Kg6 59.Qd6 Kf6 60.Qb6 Qd7 61.Qb8 Kg7 62.Qe5+ Kg6 63.Qb8 Qf7 64.Qh8 Qc7+
65.Kh1 Qg7 66.Qe8+ Qf7 67.Qb8 Qf6 68.Qe8+ Kh6 69.Qc6 f4 70.Qa6 Kg6 71.Qd3+ Qf5
72.Qd8 Qf6 73.Qd3+ Kg7 74.Qd7+ Kh6 75.Qc6 Qf5 76.Qc8 Qf7 77.Qc6 Kg7 78.Qe4  1/2-1/2

[Event "La Coruna op"]
[Site "La Coruna"]
[Date "1993.??.??"]
[Round "?"]
[White "Santos, German"]
[Black "Markzon, Gregory"]
[Result "0-1"]
[WhiteElo "2240"]
[BlackElo "2290"]

1.d4 Nf6 2.Bg5 Ne4 3.Bf4 d6 4.f3 Nf6 5.e4 g6 6.c4 Bg7 7.Nc3 O-O 8.Qd2 Nc6
9.Be3 e5 10.d5 Nd4 11.Nge2 c5 12.dxc6 bxc6 13.Nxd4 exd4 14.Bxd4 Qa5 15.Be2 Rb8
16.O-O Qb4 17.Rab1 Be6 18.a3 Qb3 19.Qd1 Bxc4 20.Qxb3 Bxb3 21.Bxa7 Rb7 22.Bf2 Nd7
23.Be3 d5 24.exd5 cxd5 25.Ba6 Rbb8 26.Ne2 Rfe8 27.Kf2 Bc2 28.Rbc1 Rxb2 29.Bb5 d4
30.Bxd7 dxe3+ 31.Kg1 Rd8 32.Bc6 Rd2 33.Nf4 Be5  0-1

[Event "Leeuwarden op"]
[Site "Leeuwarden"]
[Date "1993.??.??"]
[Round "3"]
[White "Hodgson, Julian M"]
[Black "Horvath, Csaba"]
[Result "0-1"]
[WhiteElo "2625"]
[BlackElo "2495"]

1.d4 Nf6 2.Bg5 Ne4 3.Bf4 c5 4.f3 Qa5+ 5.c3 Nf6 6.Nd2 cxd4 7.Nb3 Qb6 8.cxd4 g6
9.Rc1 Nc6 10.d5 Nb4 11.e4 Nxa2 12.Rc4 d6 13.Bd2 Bd7 14.Ba5 Qe3+ 15.Ne2 Bg7
16.Nd4 Nxe4 17.fxe4 Qxe4 18.Qb3 b5 19.Rc7 Bxd4 20.Rxd7 Qb1+ 21.Kd2 Bf2 22.Bc3 Be1+
23.Ke3 Nxc3 24.Nxc3 Qc1+ 25.Kf3 Kxd7 26.Bxb5+ Kd8 27.Bc6 e5 28.Qb4 Ke7 29.Bxa8 f5
30.g3 e4+ 31.Nxe4 Bxb4 32.Rxc1 fxe4+ 33.Kxe4 Rxa8 34.Rc7+ Kf6 35.Rxh7 a5
36.h4 Re8+ 37.Kd4 Bc5+ 38.Kc4 Rb8 39.Rh6 Kg7  0-1

[Event "Leeuwarden op"]
[Site "Leeuwarden"]
[Date "1993.??.??"]
[Round "3"]
[White "Hauke, Christian"]
[Black "Grooten, Herman"]
[Result "1-0"]
[WhiteElo "2235"]
[BlackElo "2375"]

1.d4 Nf6 2.Bg5 Ne4 3.h4 c5 4.d5 Qb6 5.Nd2 Nxg5 6.hxg5 d6 7.Rb1 g6 8.c3 Bg7
9.Ngf3 Qa5 10.Nc4 Qd8 11.a4 Bf5 12.Ra1 h6 13.Qd2 hxg5 14.Rxh8+ Bxh8 15.Qxg5 Nd7
16.e4 Bxe4 17.Qh4 Bxd5 18.Qxh8+ Nf8 19.Ng5 Kd7 20.Rd1 Kc6 21.Rxd5 Kxd5 22.Ne3+ Kc6
23.Bb5+ Kc7 24.Nd5+ Kb8 25.Nxf7 Qc8 26.Kf1 a6 27.Nb6 Qf5 28.Qxf8+ Ka7 29.Qxa8+ Kxb6
30.Qd8+ Ka7 31.Qxe7 axb5 32.Qxb7+ Kxb7 33.Nxd6+  1-0

[Event "Leeuwarden op"]
[Site "Leeuwarden"]
[Date "1993.??.??"]
[Round "3"]
[White "Tondivar, Babak"]
[Black "Yakovich, Yuri"]
[Result "1/2-1/2"]
[WhiteElo "2290"]
[BlackElo "2525"]

1.d4 Nf6 2.Bg5 Ne4 3.Bf4 c5 4.d5 Qb6 5.Nd2 Nxd2 6.Bxd2 Qxb2 7.e4 Qb6 8.Bd3 d6
9.f4 e6 10.Nf3 exd5 11.exd5 Be7 12.Qe2 Qd8 13.Ng5 h6 14.O-O hxg5 15.fxg5 Nd7
16.Bc3 Ne5 17.Bxe5 dxe5 18.Qxe5 Qd6 19.Rae1 Qxe5 20.Rxe5 Kd8 21.Rxf7 Bd6
22.Re4 Bxh2+ 23.Kf2 Bd6 24.Rxg7 Rf8+ 25.Ke2 Rb8 26.g6 b5 27.Rh4 Rb7 28.Rxb7 Bxb7
29.Be4 Re8 30.Kf3 Be5 31.Rh7 Bc8 32.d6 Rf8+ 33.Ke3 Be6 34.Rxa7 Bd4+ 35.Kd2 Rf2+
36.Ke1 Bc4 37.Bc6 Rf1+ 38.Kd2 Rf2+ 39.Ke1 Rf1+ 40.Kd2 Rf2+ 41.Ke1  1/2-1/2

[Event "Leeuwarden op"]
[Site "Leeuwarden"]
[Date "1993.??.??"]
[Round "4"]
[White "Sokolov, Ivan"]
[Black "Van Wely, Loek"]
[Result "1/2-1/2"]
[WhiteElo "2610"]
[BlackElo "2585"]

1.d4 Nf6 2.Bg5 Ne4 3.Bf4 d5 4.Nd2 Bf5 5.e3 e6 6.Nxe4 Bxe4 7.Ne2 Bd6 8.Ng3 Bg6
9.h4 Bxf4 10.exf4 h6 11.h5 Bh7 12.Bd3 Bxd3 13.Qxd3 Qd6 14.Qd2 Nd7 15.O-O O-O
16.Rfe1 c5 17.Rad1 Rac8 18.dxc5 Qxc5 19.c3 Nf6 20.f5 Rfe8 21.fxe6 Rxe6 22.Rxe6 fxe6
23.Re1 Re8 24.Qd3 Qc4 25.Qxc4 dxc4 26.Rd1 Rc8 27.Rd4 Rc5 28.Ne4  1/2-1/2

[Event "Leeuwarden op"]
[Site "Leeuwarden"]
[Date "1993.??.??"]
[Round "9"]
[White "Hodgson, Julian M"]
[Black "Reinderman, Dimitri"]
[Result "1/2-1/2"]
[WhiteElo "2625"]
[BlackElo "2435"]

1.d4 Nf6 2.Bg5 Ne4 3.Bf4 c5 4.f3 Nf6 5.dxc5 Na6 6.e4 Nxc5 7.Nc3 d6 8.Qd2 e5
9.Bb5+ Ncd7 10.Bg5 a6 11.Bxf6 Qxf6 12.Nd5 Qd8 13.Qc3 Rb8 14.Nc7+ Ke7 15.Nd5+ Ke8
16.Nc7+ Ke7 17.Nd5+ Ke8 18.Bxd7+ Bxd7 19.Nc7+ Ke7 20.Nd5+ Ke8 21.Nc7+ Ke7
22.Nd5+ Ke8  1/2-1/2

[Event "Lenk-J"]
[Site "Lenk"]
[Date "1993.??.??"]
[Round "2"]
[White "Curien, Nicolas"]
[Black "Gerber, Richard"]
[Result "0-1"]
[WhiteElo "2240"]
[BlackElo "2320"]

1.d4 Nf6 2.Bg5 Ne4 3.Bf4 d5 4.Nd2 Bf5 5.e3 c6 6.Nxe4 Bxe4 7.c3 e6 8.Ne2 Qb6
9.Qd2 Be7 10.Ng3 Bg6 11.h4 h6 12.h5 Bh7 13.a4 a5 14.Bd3 Bxd3 15.Qxd3 Nd7
16.O-O O-O 17.e4 Rfd8 18.exd5 cxd5 19.Rfe1 Bd6 20.Bxd6 Qxd6 21.Nf1 Nf6 22.Ng3 Qf4
23.Re3 Qh4 24.Qe2 Re8 25.Re1 Ng4 26.Rf3 Nf6 27.Qe5 Rab8 28.Qc7 b6 29.Re5 Rec8
30.Qe7 Rd8 31.Qc7 Nd7 32.Re2 Qg5 33.Qc6 Nf6 34.Qc7 Rdc8 35.Qe7 b5 36.axb5 Rxb5
37.Nf1 Re8 38.Qc7 Qxh5 39.Re5 Qg6 40.Rg3 Qc2 41.Ree3 Ne4 42.Qd7 Rbb8 43.Ref3 Rf8
44.Rg4 Rxb2 45.Kh2 Qc1 46.Ng3 Ng5 47.Rff4 Rb1  0-1

[Event "Lenk op"]
[Site "Lenk"]
[Date "1993.??.??"]
[Round "9"]
[White "Weindl, Alfred"]
[Black "Suetin, Alexey S"]
[Result "0-1"]
[WhiteElo "2350"]
[BlackElo "2410"]

1.d4 Nf6 2.Bg5 Ne4 3.Bf4 d5 4.Nd2 Bf5 5.e3 e6 6.Bd3 Nd7 7.Nxe4 dxe4 8.Bc4 Nb6
9.Bb3 Be7 10.Ne2 h5 11.h3 Nd5 12.Be5 Bf6 13.Bxd5 exd5 14.Bxf6 Qxf6 15.Nf4 O-O-O
16.Nxh5 Qh6 17.Ng3 Be6 18.Qd2 f5 19.O-O-O g5 20.h4 gxh4 21.Ne2 Qg5 22.Nf4 Bf7
23.Rh2 Rh6 24.Rdh1 b6 25.b3 Kb7 26.Kb1 Qf6 27.a4 a5 28.Rh3 Rdh8 29.Qe1 R6h7
30.Qc1 Bg8 31.Qa3 Rh6 32.Ka2 Bf7 33.R1h2 Bg8 34.Qc1 R6h7 35.Qg1 Bf7 36.Qh1 Bg8
37.Qf1 Bf7 38.Rh1 Rh6 39.Qb5 Qd6 40.Qf1 Qf6 41.Qg1 c5 42.dxc5 bxc5 43.Qe1 Kb6
44.Qd2 Rd8 45.g3 d4 46.Rxh4 Rxh4 47.gxh4 c4 48.Rb1 c3 49.Qe2 d3  0-1

[Event "SWE-chB"]
[Site "Lindesberg"]
[Date "1993.??.??"]
[Round "?"]
[White "Wademark, Olle"]
[Black "Jonsson, Mikael"]
[Result "1/2-1/2"]
[WhiteElo "2270"]
[BlackElo "2285"]

1.d4 Nf6 2.Bg5 Ne4 3.Bf4 d6 4.e3 Nd7 5.Nf3 g6 6.Bd3 Nef6 7.h3 Bg7 8.O-O O-O
9.c3 c5 10.Nbd2 Re8 11.e4 cxd4 12.cxd4 Nb6 13.Qe2 Bd7 14.Rac1 Rc8 15.Rxc8 Qxc8
16.Nb1 Qb8 17.Rc1 Be6 18.b3 Bd7 19.Nbd2 Bc6 20.d5 Bd7 21.Be3 Rc8 22.Qd1 Be8
23.Rxc8 Qxc8 24.Qc2 Qxc2 25.Bxc2 Nfd7 26.Ne1 Nc5 27.Nd3 Nxd3 28.Bxd3 Bc3
29.Kf1 Bb4 30.Nb1 Nc8 31.Bd4 a6 32.Ke2 Ba5 33.Nd2 Bb6 34.Bc3 Bd7 35.Nc4 Bc7
36.Na5 b5 37.a4 bxa4 38.bxa4 Nb6 39.Bxa6 Nxa4 40.Bb4 Bb6 41.Nb3 Kg7  1/2-1/2

[Event "London Lloyds"]
[Site "London"]
[Date "1993.??.??"]
[Round "7"]
[White "Cooper, Lawrence"]
[Black "Arakhamia, Ketevan"]
[Result "0-1"]
[WhiteElo "2310"]
[BlackElo "2440"]

1.d4 Nf6 2.Bg5 Ne4 3.Bf4 d5 4.f3 Nf6 5.Nc3 e6 6.e4 dxe4 7.fxe4 Bb4 8.a3 Bxc3+
9.bxc3 Nxe4 10.Bd3 Nf6 11.Nf3 b6 12.O-O Bb7 13.Qe2 Nbd7 14.a4 O-O 15.Bg5 h6
16.Bh4 Qc8 17.Ne5 Nxe5 18.dxe5 Nd7 19.Bf6 Nxf6 20.exf6 g6 21.Qe3 Kh7 22.Rf4 Rh8
23.Rh4 Qf8 24.Rb1 Kg8 25.Rg4 h5 26.Rg5 Qd6 27.Rf1 Kf8 28.Rf4 c5 29.h4 Ke8
30.Rf2 Bc6 31.Re5 Kf8 32.a5 Rd8 33.Rf1 Qc7 34.axb6 axb6 35.Bc4 Qd6 36.Rb1 Bb7
37.Qg5 Qc6 38.Ree1 Rd6 39.Rbd1 Qd7 40.Be2 Kg8 41.Rxd6 Qxd6 42.Rd1 Qc7 43.Bc4 Kh7
44.Bd3 c4 45.Be2 Ra8 46.Rd4 Ra1+ 47.Rd1 Ra5 48.Qe3 Rf5 49.Rf1 Re5 50.Qf2 b5
51.Kh1 Rf5 52.Qe3 Qe5  0-1

[Event "London Lloyds"]
[Site "London"]
[Date "1993.??.??"]
[Round "7"]
[White "Cooper, Lawrence"]
[Black "Arakhamia, Ketevan"]
[Result "0-1"]
[WhiteElo "2310"]
[BlackElo "2440"]

1.d4 Nf6 2.Bg5 Ne4 3.Bf4 d5 4.f3 Nf6 5.Nc3 e6 6.e4 dxe4 7.fxe4 Bb4 8.a3 Bxc3+
9.bxc3 Nxe4 10.Bd3 Nf6 11.Nf3 b6 12.O-O Bb7 13.Qe2 Nbd7 14.a4 O-O 15.Bg5 h6
16.Bh4 Qe8 17.Ne5 Nxe5 18.dxe5 Nd7 19.Bf6 Nxf6 20.exf6 g6 21.Qe3 Kh7 22.Rf4 Rh8
23.Rh4 Qf8 24.Rb1 Kg8 25.Rg4 h5 26.Rg5 Qd6 27.Rf1 Kf8 28.Rf4 c5 29.h4 Ke8  0-1